|
|
|
|
| LEADER |
00000nam0a2200000 4500 |
| 001 |
26050 |
| 005 |
20231101205717.0 |
| 010 |
|
|
|a 528302525X
|
| 035 |
|
|
|a (RuTPU)RU\TPU\book\26290
|
| 035 |
|
|
|a BOOK00000001
|
| 090 |
|
|
|a 26050
|
| 100 |
|
|
|a 20011209d1993 km y0rusy50 ca
|
| 101 |
1 |
|
|a rus
|c eng
|
| 102 |
|
|
|a RU
|
| 105 |
|
|
|a a g 000zy
|
| 200 |
1 |
|
|a Карманный справочник по электронике
|e пер. с англ.
|f М. Тули
|
| 210 |
|
|
|a Москва
|c Энергоатомиздат
|d 1993
|
| 215 |
|
|
|a 173 с.
|c ил.
|
| 606 |
1 |
|
|a Электронные устройства
|2 stltpush
|3 (RuTPU)RU\TPU\subj\20534
|9 45633
|
| 610 |
1 |
|
|a электроника
|
| 610 |
1 |
|
|a диоды
|
| 610 |
1 |
|
|a транзисторы
|
| 610 |
1 |
|
|a интегральные схемы
|
| 610 |
1 |
|
|a электронные схемы
|
| 610 |
1 |
|
|a пассивные компоненты
|
| 610 |
1 |
|
|a справочники
|
| 675 |
|
|
|a 621.38(035)
|v 3
|
| 700 |
|
1 |
|a Тули
|b М.
|g Майкл
|
| 801 |
|
0 |
|a RU
|b 63413507
|c 20011209
|g PSBO
|
| 801 |
|
2 |
|a RU
|b 63413507
|c 20211201
|g PSBO
|
| 942 |
|
|
|c BK
|